| Tag |
First Indicator |
Second Indicator |
Subfields |
| LEADER |
00000nam a2200000Ia 4500 |
| 001 |
in00004243813 |
| 005 |
20200807091817.0 |
| 006 |
m g d |
| 007 |
cr bn |||a|bb| |
| 008 |
840412s1687 enk o 00| | eng d |
| 035 |
|
|
|a (OCoLC)10624506
|
| 040 |
|
|
|a UMI
|c UMI
|d WaOLN
|
| 037 |
|
|
|a CL0037000048
|b ProQuest Information and Learning. 300 N. Zeeb Rd., Ann Arbor, MI 48106
|
| 049 |
|
|
|a UMIA
|
| 090 |
|
|
|a PR3328.5
|b R43 1687
|
| 100 |
1 |
|
|a Buckingham, George Villiers,
|c Duke of,
|d 1628-1687.
|
| 245 |
1 |
4 |
|a The rehearsal :
|b as it is now acted at the Theatre-Royal.
|
| 250 |
|
|
|a The fifth edition /
|b with amendments and large additions by the author.
|
| 260 |
|
|
|a London :
|b Printed for Thomas Dring and sold by John Newton,
|c 1687.
|
| 300 |
|
|
|a 1 online resource ([2], 55, [1] pages)
|
| 336 |
|
|
|a text
|b txt
|2 rdacontent
|
| 337 |
|
|
|a computer
|b c
|2 rdamedia
|
| 338 |
|
|
|a online resource
|b cr
|2 rdacarrier
|
| 500 |
|
|
|a Reproduction of original in the University of Illinois (Urbana-Champaign Campus). Library.
|
| 510 |
4 |
|
|a Wing
|c B5327.
|
| 533 |
|
|
|a Electronic reproduction.
|b Ann Arbor, Mich. :
|c UMI,
|d 1999-
|f (Early English books online)
|n Digital version of: (Early English books, 1641-1700 ; 1399:16)
|7 s1999 miun s
|
| 830 |
|
0 |
|a Early English books online.
|
| 856 |
4 |
0 |
|u http://proxy.library.tamu.edu/login?url=https://search.proquest.com/docview/2248501574
|z Connect to the full text of this electronic book
|t 0
|
| 999 |
f |
f |
|s b9b312dd-3eeb-3560-8acf-cbcc6b2156ea
|i 801c32f4-ce25-35af-b59c-715006856bc8
|t 0
|
| 952 |
f |
f |
|a Texas A&M University
|b College Station
|c Electronic Resources
|d Available Online
|t 0
|e PR3328.5 R43 1687
|h Library of Congress classification
|
| 998 |
f |
f |
|a PR3328.5 R43 1687
|t 0
|l Available Online
|